Catalog

Record Details

Catalog Search



Srolované sny  Cover Image Book Book

Srolované sny / Eva Frantinová

Record details

  • ISBN: 80-903515-4-9
  • Physical Description: 111 s. ; 21 cm
  • Publisher: Praha : CZ Books, [2006?]
Genre: české povídky
Czech short stories

Available copies

  • 1 of 1 copy available at Common Catalog SPOK.

Holds

  • 0 current holds with 1 total copy.
Show Only Available Copies
Location Call Number / Copy Notes Barcode Shelving Location Status Due Date
The Jewish community of Prague K 2694 4638300828 K - Beletrie Available -

LDR 00819cam a2200277 a 4500
00152933
003CZ-PrJAB
00520070719104624.0
007ta
008041208q20042006xr g 000 j cze d
015 . ‡acnb001526610
020 . ‡a80-903515-4-9 ‡q(brož.)
035 . ‡a(CZ PrNK)nkc20051526610
035 . ‡a(OCoLC)186963878
040 . ‡aULG001 ‡bcze ‡dABA001 ‡dBOA001
072 7. ‡a821.162.3-3 ‡xČeská próza ‡2Konspekt ‡925
080 . ‡a821.162.3-32 ‡2MRF
080 . ‡a(0:82-32) ‡2MRF
1001 . ‡aFrantinová, Eva, ‡d1956- ‡7jk01031779 ‡4aut
24510. ‡aSrolované sny / ‡cEva Frantinová
260 . ‡aPraha : ‡bCZ Books, ‡c[2006?]
300 . ‡a111 s. ; ‡c21 cm
655 7. ‡ačeské povídky ‡7fd133971 ‡2czenas
655 9. ‡aCzech short stories ‡2eczenas
910 . ‡aABE461
995 . ‡aska
901 . ‡a52933 ‡bAUTOGEN ‡c52933 ‡tbiblio

Additional Resources